000 nam a22 7a 4500
999 _c9441
_d9441
008 180131b ||||| |||| 00| 0 eng d
100 _aSchaefer, J
_95657
245 _aShane
260 _aLondon
_bOxford University Press
_c1992